000
00324nam a22001337a 4500
020
_a
9789695422944
082
_a
823.92
_b
SUL
100
_a
Sultan,Dr.Ahmed
245
_a
Lots more question and answers
260
_a
Karachi:
_b
Children publications,
_c
2011.
300
_a
52p. ;
563
_a
HB
942
_2
ddc
_c
BK
999
_c
614870
_d
614870